• 首页
  • 本馆介绍
  • 公告通知
  • 最新文献
  • 馆藏检索
  • 电子资源
  • 读者导购
  • 参考咨询
  • 我的图书馆
  • 登录
  • 详细信息显示
  • 放入我的书架
  • 预约/预借图书
  • 作者相关作品
  • 分类相关作品
  • 丛书相关作品
  • 出版社相关作品

书目信息

  • 表格格式
  • 工作单格式
  • 卡片格式
题名:
千家诗评注
    
 
作者: 谢枋得 , 王相 著 ;陈超敏 评注
分册:  
出版信息: 北京   北京联合出版公司  2015.9
页数: 348页
开本: 21cm
丛书名:
单 册:
中图分类: I222.72
科图分类:
主题词: 古典诗歌--gu dian shi ge--诗集--中国 , 诗集--shi ji , 中国--zhong guo
电子资源:
ISBN: 978-7-5502-3927-2
000 00876nam0 22002771 450
001 0120082027
005 20170320082027.0
010    @a978-7-5502-3927-2@dCNY52.00
100    @a20151021d2015 em y0chiy50 ea
101 0  @achi
102    @aCN@b110000
105    @ay z 000gy
106    @ar
200 1  @a千家诗评注@9qian jia shi ping zhu@f(宋)谢枋得,(明)王相编著@g陈超敏评注
210    @a北京@c北京联合出版公司@d2015.9
215    @a348页@d21cm
330    @a本书是对《千家诗》的评注,每首诗包括原文、注释、诗歌大意、短析几部分。
606 0  @a古典诗歌@9gu dian shi ge@j诗集@y中国
606 0  @a诗集@9shi ji
606 0  @a中国@9zhong guo
690    @aI222.72@v5
701  0 @c宋@a谢枋得@9xie fang de@4著
701  0 @c明@a王相@9wang xiang@4著
702  0 @a陈超敏@9chen chao min@4评注
801  0 @aCN@bTANGWEI@c20170308
905    @b0955328-31@dI222.72@e576@f4
    
    千家诗评注/(宋)谢枋得,(明)王相编著/陈超敏评注 .-北京:北京联合出版公司,2015.9
    348页;21cm
    
    
    ISBN 978-7-5502-3927-2:CNY52.00
    本书是对《千家诗》的评注,每首诗包括原文、注释、诗歌大意、短析几部分。
●
相关链接 在E读中查询图书 在五车中查询图书 在当当中查询图书 在豆瓣中查询图书


正题名:千家诗评注     索取号:I222.72/576         预约/预借

序号 登录号 条形码 馆藏地/架位号 状态 备注
1 0955328   209553286   第一样本阅览室/ [索取号:I222.72/576] 在馆    
2 0955329   209553295   第二借阅区/ [索取号:I222.72/576] 在馆    
3 0955330   209553302   第二借阅区/ [索取号:I222.72/576] 在馆    
4 0955331   209553311   第二借阅区/ [索取号:I222.72/576] 在馆    
唐山师范学院图书馆 欢迎您!
大连网信软件有限公司© 版权所有